|
|
|
|
| LEADER |
01366nam a22003374a 4500 |
| 001 |
4043 |
| 003 |
BD-DhAAL |
| 005 |
20150602141834.0 |
| 008 |
150602t20011995enka b 001 0 eng |
| 010 |
|
|
|a 94033967
|
| 020 |
|
|
|a 063119424X (pbk. : alk. paper)
|
| 020 |
|
|
|a 0631194231 (alk. paper)
|
| 040 |
|
|
|a DLC
|c DLC
|d DLC
|d BD-DhAAL
|
| 050 |
0 |
0 |
|a BF723.I56
|b P47 2001
|
| 082 |
0 |
0 |
|a 155.4/18
|2 20
|
| 245 |
0 |
0 |
|a Personal, social, and emotional development of children /
|c editor, Peter Barnes.
|
| 260 |
|
|
|a Milton Keynes, UK :
|b Open University ;
|a Oxford ;
|a Malden, Mass. :
|b Blackwell Publishers,
|c [2001?], c1995.
|
| 300 |
|
|
|a viii, 360 p. :
|b ill. ;
|c 25 cm.
|
| 490 |
1 |
|
|a Child development ;
|v 2
|
| 504 |
|
|
|a Includes bibliographical references and indexes.
|
| 541 |
|
|
|e 4043
|
| 650 |
|
0 |
|a Identity (Psychology) in children.
|9 11619
|
| 650 |
|
0 |
|a Identity (Psychology) in adolescence.
|9 11620
|
| 650 |
|
0 |
|a Self-perception in children.
|9 11621
|
| 650 |
|
0 |
|a Self-perception in adolescence.
|9 11622
|
| 650 |
|
0 |
|a Child development.
|9 6734
|
| 700 |
1 |
|
|a Barnes, Peter,
|d 1946-
|9 11623
|
| 830 |
|
0 |
|a Child development (Cambridge, Mass.) ;
|v 2.
|9 11624
|
| 942 |
|
|
|2 ddc
|c BK
|
| 999 |
|
|
|c 34592
|d 34592
|
| 952 |
|
|
|0 0
|1 0
|2 ddc
|4 0
|6 155_400000000000000_18_PER
|7 0
|9 54023
|a SCL
|b SCL
|c GEN
|d 2015-06-02
|g 1925.00
|l 2
|m 1
|o 155.418 PER
|p 3020004043
|r 2017-02-28
|s 2017-02-14
|t 1
|w 2015-06-02
|y BK
|